[Event "HUN-chT U18"]
[Site "Miskolc"]
[Date "2011.11.05"]
[Round "7.2"]
[White "Guber, Peter"]
[Black "Szokolszky, Miklos"]
[Result "1-0"]
[WhiteElo "1800"]
[BlackElo "1793"]
[PlyCount "59"]
[EventDate "2011.11.02"]
[EventType "team-swiss"]
[EventRounds "8"]
[EventCountry "HUN"]
[SourceTitle "EXT 2012"]
[Source "ChessBase"]
[SourceDate "2011.11.24"]
[SourceVersion "1"]
[SourceVersionDate "2011.11.24"]
[SourceQuality "1"]
[WhiteTeam "MAV Elore"]
[BlackTeam "Desi"]
[WhiteTeamCountry "HUN"]
[BlackTeamCountry "HUN"]

1. e4 e6 2. d4 d5 3. Nd2 Nf6 4. exd5 exd5 5. Ngf3 Bd6 6. Bd3 0-0 7. 0-0 h6 8. h3 Be6 9. Re1 Qd7 10. Ne5 Bxe5 11. dxe5 Ne8 12. Nf1 c5 13. c3 Nc7 14. Ng3 Nc6 15. f4 Ne7 16. Rf1 Nf5 17. Nxf5 Bxf5 18. Be3 Bxd3 19. Qxd3 b6 20. f5 Rfe8 21. f6 g6 22. Bxh6 Rxe5 23. Bf4 c4 24. Qg3 Re2 25. Bxc7 Rxb2 26. Bd6 Rd8 27. Be7 Rc8 28. Qh4 Qe6 29. Rae1 Qc6 30. Qh6 1-0

[Event "HUN-chT U18"]
[Site "Miskolc"]
[Date "2011.11.04"]
[Round "5.2"]
[White "Grimm, Daniel"]
[Black "Guber, Peter"]
[Result "1/2-1/2"]
[WhiteElo "2080"]
[BlackElo "1800"]
[PlyCount "63"]
[EventDate "2011.11.02"]
[EventType "team-swiss"]
[EventRounds "8"]
[EventCountry "HUN"]
[SourceTitle "EXT 2012"]
[Source "ChessBase"]
[SourceDate "2011.11.24"]
[SourceVersion "1"]
[SourceVersionDate "2011.11.24"]
[SourceQuality "1"]
[WhiteTeam "Barcza"]
[BlackTeam "MAV Elore"]
[WhiteTeamCountry "HUN"]
[BlackTeamCountry "HUN"]

1. e4 c5 2. Nf3 e6 3. d4 cxd4 4. Nxd4 a6 5. Bd3 Qc7 6. 0-0 Nf6 7. Qe2 d6 8. c4 b6 9. Nc3 Bb7 10. Rd1 Nc6 11. Nf3 Rc8 12. b3 g6 13. Bb2 Bg7 14. Rac1 0-0 15. Bb1 Rfd8 16. Nd5 exd5 17. cxd5 b5 18. dxc6 Bxc6 19. Nd4 Qb6 20. Nxc6 Rxc6 21. Rxc6 Qxc6 22. Qd3 Qd7 23. Bd4 Qe6 24. a4 Rb8 25. axb5 Rxb5 26. Bc2 d5 27. Bxf6 Bxf6 28. exd5 Qd6 29. g3 Rc5 30. Qe4 a5 31. Kg2 Kg7 32. h4 1/2-1/2

[Event "HUN-chT U18"]
[Site "Miskolc"]
[Date "2011.11.03"]
[Round "2.2"]
[White "Makk, Robert"]
[Black "Guber, Peter"]
[Result "1/2-1/2"]
[WhiteElo "2250"]
[BlackElo "1800"]
[PlyCount "118"]
[EventDate "2011.11.02"]
[EventType "team-swiss"]
[EventRounds "8"]
[EventCountry "HUN"]
[SourceTitle "EXT 2012"]
[Source "ChessBase"]
[SourceDate "2011.11.24"]
[SourceVersion "1"]
[SourceVersionDate "2011.11.24"]
[SourceQuality "1"]
[WhiteTeam "Haladas"]
[BlackTeam "MAV Elore"]
[WhiteTeamCountry "HUN"]
[BlackTeamCountry "HUN"]

1. e4 c5 2. Nf3 e6 3. d4 cxd4 4. Nxd4 a6 5. Bd3 Qc7 6. Qe2 d6 7. 0-0 Nf6 8. c4 Be7 9. Nc3 0-0 10. Bd2 b6 11. Rae1 Bb7 12. f4 Nc6 13. Nf3 Rfe8 14. h3 Rac8 15. b3 Bf8 16. g4 g6 17. Nd1 Bg7 18. Bc3 Nd7 19. Bxg7 Kxg7 20. Qb2+ Kg8 21. Nf2 Qd8 22. g5 e5 23. Ng4 f6 24. fxe5 fxe5 25. Qf2 Rf8 26. Qh4 Qe7 27. Nfh2 Nd4 28. Nf6+ Nxf6 29. gxf6 Qd8 30. Ng4 Ne6 31. Qh6 Rc7 32. Qe3 Rd7 33. Re2 Bc8 34. Ref2 Nf4 35. Rxf4 exf4 36. Qxf4 Kh8 37. Nh6 Qe8 38. Be2 Qe5 39. Bg4 Qxf4 40. Rxf4 Rc7 41. Kf2 Rc5 42. Bxc8 Rfxc8 43. Nf7+ Kg8 44. Nxd6 R8c6 45. Nb7 Re5 46. Ke3 Rc7 47. Nd6 Re6 48. c5 bxc5 49. Nc4 Kf7 50. e5 Rd7 51. Ke2 Rd5 52. Re4 g5 53. Kf3 h5 54. h4 Rd3+ 55. Ke2 Rg3 56. Nd6+ Kf8 57. Nf5 Rg4 58. Kf3 gxh4 59. Nxh4 Rxh4 1/2-1/2

[Event "HUN-chT2 Asztalos 1011"]
[Site "Hungary"]
[Date "2010.10.10"]
[Round "3.10"]
[White "Ragyelik, Andras"]
[Black "Guber, Peter"]
[Result "0-1"]
[WhiteElo "1766"]
[BlackElo "1774"]
[PlyCount "20"]
[EventDate "2010.09.12"]
[EventType "team-tourn"]
[EventRounds "11"]
[EventCountry "HUN"]
[SourceTitle "EXT 2012"]
[Source "ChessBase"]
[SourceDate "2011.11.24"]
[SourceVersion "1"]
[SourceVersionDate "2011.11.24"]
[SourceQuality "1"]
[WhiteTeam "Dunajvaros"]
[BlackTeam "Szekesfehervar"]
[WhiteTeamCountry "HUN"]
[BlackTeamCountry "HUN"]

1. e4 c5 2. Nf3 e6 3. b3 a6 4. Bb2 Nc6 5. c4 Nge7 6. d4 cxd4 7. Nxd4 Nxd4 8. Bxd4 f6 9. Be2 Ng6 10. 0-0 Qc7 0-1

[Event "HUN-ch U16"]
[Site "Balatonlelle"]
[Date "2009.07.03"]
[Round "7"]
[White "Zilahi, Tamas"]
[Black "Guber, Peter"]
[Result "1-0"]
[WhiteElo "1836"]
[BlackElo "1763"]
[PlyCount "65"]
[EventDate "2009.06.27"]
[EventType "swiss"]
[EventRounds "9"]
[EventCountry "HUN"]
[SourceTitle "EXT 2011"]
[Source "ChessBase"]
[SourceDate "2010.11.26"]
[SourceVersion "1"]
[SourceVersionDate "2010.11.26"]
[SourceQuality "1"]

1. e4 c5 2. Nf3 e6 3. d4 cxd4 4. Nxd4 a6 5. Bd3 Qc7 6. 0-0 Nf6 7. Qe2 d6 8. c4 Be7 9. Nc3 0-0 10. Kh1 b6 11. f4 Bb7 12. Bd2 Nc6 13. Nxc6 Bxc6 14. f5 Rfe8 15. fxe6 fxe6 16. Bf4 Nd7 17. Rad1 Bf6 18. Bc2 Ne5 19. b3 Rad8 20. Nb1 Rd7 21. Nd2 Red8 22. Nf3 Ng6 23. Bg3 e5 24. Rd2 Nf4 25. Bxf4 exf4 26. Nd4 Bxd4 27. Rxd4 Rf8 28. Qg4 Rdf7 29. Qe6 Re8 30. Qxd6 Qb7 31. Qb4 Bxe4 32. Bxe4 Qc7 33. Bd5 1-0

[Event "HUN-ch U16"]
[Site "Balatonlelle"]
[Date "2009.06.28"]
[Round "2"]
[White "Szabo, Bence"]
[Black "Guber, Peter"]
[Result "1-0"]
[WhiteElo "2220"]
[BlackElo "1763"]
[PlyCount "53"]
[EventDate "2009.06.27"]
[EventType "swiss"]
[EventRounds "9"]
[EventCountry "HUN"]
[SourceTitle "EXT 2011"]
[Source "ChessBase"]
[SourceDate "2010.11.26"]
[SourceVersion "1"]
[SourceVersionDate "2010.11.26"]
[SourceQuality "1"]

1. d4 d5 2. c4 Nf6 3. Nc3 e6 4. cxd5 Nxd5 5. e4 Nf6 6. Bg5 Be7 7. Nf3 0-0 8. Bd3 Nbd7 9. 0-0 c5 10. Bc2 b6 11. d5 exd5 12. e5 Ne4 13. Bxe7 Qxe7 14. Nxd5 Qd8 15. Bxe4 Rb8 16. Qd3 h6 17. Rad1 Re8 18. Rfe1 Kh8 19. Qc3 Bb7 20. h3 Qc8 21. Bf5 Bc6 22. Nf4 Qb7 23. Bxd7 Bxd7 24. e6 Bc6 25. Ne5 fxe6 26. Rd6 Bd5 27. Rd7 1-0

[Event "HUN-chT2 Asztalos 0809"]
[Site "Hungary"]
[Date "2009.02.22"]
[Round "8"]
[White "Guber, Peter"]
[Black "Fur, Katinka"]
[Result "1/2-1/2"]
[WhiteElo "1763"]
[BlackElo "1870"]
[PlyCount "93"]
[EventDate "2008.10.26"]
[EventType "team-tourn"]
[EventRounds "11"]
[EventCountry "HUN"]
[SourceTitle "EXT 2010"]
[Source "ChessBase"]
[SourceDate "2010.11.25"]
[SourceVersion "1"]
[SourceVersionDate "2010.11.25"]
[SourceQuality "1"]
[WhiteTeam "MAV Elore"]
[BlackTeam "Nagyatad"]
[WhiteTeamCountry "HUN"]
[BlackTeamCountry "HUN"]

1. e4 e6 2. d4 d5 3. Nd2 Nf6 4. e5 Nfd7 5. f4 c5 6. c3 Nc6 7. Ngf3 Be7 8. Be2 a6 9. a3 b5 10. b4 c4 11. a4 Bb7 12. axb5 axb5 13. Bb2 Nb6 14. 0-0 0-0 15. Qc1 Qd7 16. Rxa8 Rxa8 17. Nb1 Bf8 18. Na3 Ne7 19. g3 Bc6 20. Qd2 Nf5 21. Ra1 Na4 22. Bc1 Qb7 23. Nc2 Ra6 24. Bd1 Qa7 25. Ne3 Nxe3 26. Qxe3 Nb6 27. Rxa6 Qxa6 28. Qd2 Be7 29. Kf1 Qa1 30. Qb2 Qxb2 31. Bxb2 Nd7 32. Kf2 Bd8 33. Bc2 f6 34. Ke3 f5 35. h4 h6 36. Bc1 Nf8 37. Kf2 Nh7 38. Kg2 Be8 39. Kf2 Bh5 40. Ng1 Bg4 41. Nf3 Bxf3 42. Kxf3 g5 43. hxg5 hxg5 44. g4 fxg4+ 45. Kxg4 gxf4 46. Bxf4 Nf8 47. Kh5 1/2-1/2

[Event "HUN-chT U18"]
[Site "Miskolc"]
[Date "2008.10.30"]
[Round "7.7"]
[White "Nagy, Zoltan"]
[Black "Guber, Peter"]
[Result "1/2-1/2"]
[WhiteElo "2026"]
[BlackElo "1717"]
[PlyCount "34"]
[EventDate "2008.10.27"]
[EventType "team-swiss"]
[EventRounds "8"]
[EventCountry "HUN"]
[SourceTitle "EXT 2016"]
[Source "ChessBase"]
[SourceDate "2015.10.08"]
[SourceVersion "1"]
[SourceVersionDate "2015.10.08"]
[SourceQuality "1"]

1. e4 c5 2. Nf3 e6 3. d4 cxd4 4. Nxd4 a6 5. Bd3 Qc7 6. Nc3 Nf6 7. 0-0 Be7 8. Kh1 0-0 9. f4 d6 10. f5 Nc6 11. Nxc6 Qxc6 12. Qe2 Bd7 13. Bg5 Rfe8 14. Rad1 h6 15. Bh4 Qb6 16. b3 Qc7 17. Nb1 Bc6 1/2-1/2